1805 1214 1135 1118 1518 1672 1329 1574 1386 1788 1337 1978 1873 1431 1336 1779 1204 1011 1359 1239 1815 1159 1314 1373 1362 1614 1491 1053 1185 1733 1129 1662 1503 1674 1803 1740 1824 1762 1633 1839 1295 1693 1043 1148 1230 1750 1392 1695 1084 1758 1281 1505 1397 1242 1400 1023 1534 1481 1463 1807 1510 1053 1969 1797 1116 1940 1052 1501 1711 1479 1825 1807 1219 1936 1917 1375 1299 1329 1177 1320 1681 1691 1705 1182 1936 1526 1164 1118 1620 1065 1797 1964 1870 1363 1418 1340 1944 1832 1223 BCNSPRNW ULIB Ver.6.0+V

เปลี่ยนเป็นภาษาไทย

Change to English
 แสดงรายละเอียดบรรณานุกรม
  กลับหน้าหลัก

Brief Record : Get Marc (ISO 2709) : E-mail record : QR code < ปิดหน้าต่าง
LEADER : 00000nam 2200000uu 4500
001    13399123319
003     ULIB
008    140820s2554||||th 000 0 tha d
020    ^a786165083539
090    ^aนว^bน477พ
100 0  ^aนายา
245 10 ^a รำเพยดอกสุดท้าย /^cนายา
260    ^aกรุงเทพฯ :^bแสงดาว,^c2554
300    ^a416 หน้า ;^c21 ซม.
650  4 ^aนวนิยายไทย
945    ^p300^l0^i034619
999    ^aเกษร โพธิ์สุวรรณ
รายการนี้ยังไม่มีแท็ก
คุณยังไม่ได้ล็อกอิน คุณสามารถมีกิจกรรมร่วมกับเว็บไซต์ได้ แต่ต้องล็อกอินก่อน ::
  ล็อกอิน

รายการสื่อสารสนเทศ

ลำดับที่ ประเภท เลขเรียก/บาร์โค้ด สถานที่ สถานะ
1. นวนิยาย
นวนิยาย
นว น477พ ฉ.1 
  Barcode: 034619
ห้องสมุดวิทยาเขตสวรรค์ประชารักษ์
►นวนิยาย
บนชั้น
  ขอยืม
Note:อภินันทนาการโดย อาจารย์จุฑารัตน์ สว่างชัย

รายการใกล้เคียง
    ผู้แต่ง [นายา]

    หัวเรื่อง [นวนิยายไทย]

BibComment


ยังไม่เคยถูกคอมเมนท์

คอมเมนท์ทรัพยากรรายการนี้
  คอมเมนท์: รำเพยดอกสุดท้าย..


 Copyright 2026. Bcnsprnw @Library